| 000 | 01508nam0a22003131 4500 | ||
|---|---|---|---|
| 001 | rc\3563077 | ||
| 005 | 20130115140326.6 | ||
| 021 |
_aRU _b[76-64655] |
||
| 035 | _a(NLR Aleph) 007797765 | ||
| 090 |
_a7673055 _c7673055 |
||
| 100 | _a20130115d1976 |||y0rusy50 ca | ||
| 101 | 0 | _arus | |
| 102 | _aRU | ||
| 105 | _ay z ||||| | ||
| 200 | 1 |
_aАутоаллергия _eПатология микроциркуляции _eОбщая патология эндокринной системы _e(Учеб. пособие для студентов мед.-биол. фак.) _fВ.И. Пыцкий, Ю.Л. Гулый _gПод общ. ред. проф. В.И. Пыцкого _g2-й моск. мед. ин-т им. Н.И. Пирогова, Кафедра общей патологии мед. биол. фак. |
|
| 210 |
_aМосква _cБ. и. _d1976 |
||
| 215 |
_a81 с. _d21 |
||
| 300 | _aНа обл. авт. не указаны | ||
| 320 | _aСписки лит. в конце разделов | ||
| 606 |
_aМикроциркуляция и микроциркуляторная система _xПатология _2psbo |
||
| 606 |
_aЭндокринные железы _xПатология _2psbo |
||
| 606 |
_aАллергия и аллергические болезни _2psbo |
||
| 700 | 1 |
_aПыцкий _bВ. И. _f1924- _gВиктор Иванович |
|
| 701 | 1 |
_aГулый _bЮ. Л. |
|
| 801 | 0 |
_aRU _bNLR _gpsbo |
|
| 801 | 1 |
_aRU _bELAR _2rusmarc |
|
| 852 |
_aNLR _j77-6/529 |
||
| 942 | _cBOOK | ||
| 980 | _aNB | ||